书目信息 |
| 题名: |
党卫队
|
|
| 作者: | 海因茨·赫内 著 ;江南 , 杨西 译 ;时代生活丛书编辑 著 | |
| 分册: | ||
| 出版信息: | 2000 |
|
| 页数: | 687页 | |
| 开本: | 21cm | |
| 丛书名: | ||
| 单 册: | ||
| 中图分类: | K516.4 | |
| 科图分类: | ||
| 主题词: | 东欧--历史 , 中欧--历史 | |
| 电子资源: | ||
| ISBN: | ||
| 000 | 00888nam0 2200289 45 | |
| 001 | CAL 012001003313 | |
| 005 | 20040512082306.5 | |
| 010 | @dCNY2.80 | |
| 091 | @a11017.631 | |
| 100 | @a20001203d1984 ekmy0chiy0121 ea | |
| 101 | 1 | @achi@ceng |
| 102 | @aCN@b460000 | |
| 105 | @aac z 000yy | |
| 106 | @ar | |
| 200 | 1 | @a党卫队@Adang wei dui@f[联邦德国]海因茨·赫内著@F[Lian Bang De Guo]Hai Yin Ci·He Nei Zhu@g江南,杨西译@e佩髑髅标志集团@EPei Du Lou Biao Zhi Ji Tuan |
| 210 | @d2000 | |
| 215 | @a687页@d21cm | |
| 517 | @a佩髑髅标志集团@APei Du Lou Biao Zhi Ji Tuan | |
| 606 | 0 | @a东欧@x历史 |
| 606 | 0 | @a中欧@x历史 |
| 690 | @aK516.4@v4 | |
| 701 | 0 | @a海因茨·赫内@4著 |
| 702 | 0 | @a江南@AJiang Nan@4译 |
| 702 | 0 | @a杨西@AYang Xi@4译 |
| 711 | 02 | @a时代生活丛书编辑@Ashi dai sheng huo cong shu bian ji@4著 |
| 801 | @aCN@bTSTC@c20021030 | |
| 905 | @dK516.4@e10@f1@b120582 | |
| 党卫队/[联邦德国]海因茨·赫内著/江南,杨西译:佩髑髅标志集团.-2000 |
| 687页;21cm |
| ISBN :CNY2.80 |
| ● |
| 相关链接 |
|
|
|
|
正题名:党卫队
索取号:K516.4/10
 
预约/预借
| 序号 | 登录号 | 条形码 | 馆藏地/架位号 | 状态 | 备注 |
| 1 | 0120582 | 001395350 | 第二样本阅览室/ [索取号:K516.4/10] | 在馆 | |
| 2 | 0120584 | 001616638 | 第二借阅区/ [索取号:K516.4/10] | 在馆 |